[Event "11ème Tournoi de MI"]
[Site "?"]
[Date "2011.07.10"]
[Round "5"]
[White "Valuet, Bertrand"]
[Black "Bakalerz, Mietek"]
[Result "1-0"]
[WhiteElo "2318"]
[BlackElo "2361"]
[PlyCount "79"]
[EventDate "2011.07.07"]
[SourceDate "2011.07.07"]

1. d4 Nf6 2. c4 d6 3. Nf3 g6 4. Nc3 Bg7 5. e4 O-O 6. Be2 Nbd7 7. Be3 e5 8. O-O
c6 9. d5 cxd5 (9... c5 10. Bg5 h6 11. Bh4 a6 12. Ne1 Qe8 13. Nd3 Nh7 14. Rb1 h5
15. f3 Bh6 16. Bf2 Qe7 17. b4 b6 18. Qa4 h4 19. bxc5 bxc5 20. Qc6 Ra7 21. Na4
Rd8 22. Nb6 Nxb6 23. Qxb6 Rb7 24. Qa5 Rxb1 25. Rxb1 h3 26. g3 f5 {
0-1 Al Sayed,M (2490)-Berg,E (2627)/Caleta ENG 2011/The Week in Chess 847 (36)}
) 10. cxd5 Ng4 11. Bg5 f6 12. Bh4 Nh6 13. Nd2 a6 14. a4 a5 15. f3 b6 (15... Nf7
16. Bf2 Bh6) 16. Bb5 Nc5 17. Qb1 Nf7 18. b4 axb4 19. Qxb4 g5 20. Bf2 f5 21.
Rfb1 g4 22. fxg4 Bh6 23. Nf1 fxe4 (23... fxg4 24. Bc6 Rb8 25. Ra2 Ba6) 24. Nxe4
Ng5 25. Neg3 Rf4 26. Qe1 Bxg4 27. Be3 Ra7 $2 {
Les Noirs n'ont pas de compensation pour la qualité.} (27... Rf6 28. Nd2 Rg6
29. Nc4 Bf5 $1) 28. Bxf4 exf4 29. Nh1 $2 (29. Rb4 Re7 30. Qd2) 29... Re7 $2 {
Diagramme #} (29... Bg7) 30. Qh4 Bf5 31. Qxh6 {avec avantage materiel décisif.}
Rg7 32. Nf2 f3 33. Re1 Rg6 34. Qh5 Qf6 35. Ng3 fxg2 36. Ra3 Be4 37. Ngxe4 Ncxe4
38. Nxe4 Nxe4 39. Qf3 Qd4+ 40. Qe3 1-0

[Event "11ème Tournoi de MI"]
[Site "?"]
[Date "2011.07.10"]
[Round "5"]
[White "Goudriaan, Etienne"]
[Black "Miron, Lucian Costin"]
[Result "0-1"]
[WhiteElo "2283"]
[BlackElo "2506"]
[PlyCount "68"]
[EventDate "2011.07.07"]
[SourceDate "2011.07.07"]

1. d4 d5 2. c4 e6 3. Nc3 c6 4. e3 Nf6 5. Nf3 Nbd7 6. Qc2 Bd6 7. g4 h6 8. Bd2 b5
$1 {Les Noirs sacrifient un pion pour l'initiative.} 9. cxb5 c5 10. g5 hxg5 11.
Nxg5 Bb7 12. O-O-O Qe7 ({Dans la partie} 12... Rc8 13. Rg1 Qe7 14. h3 Nb6 15.
Kb1 Kf8 16. Qd3 Nc4 17. Bc1 cxd4 18. exd4 Rh4 19. Nf3 Rh8 20. Ng5 Rh4 21. Nf3
Rh8 22. Nd2 Nxd2+ 23. Rxd2 Ne4 24. Rc2 Bb4 25. Nxe4 Rxc2 26. Kxc2 dxe4 27. Qg3
{et les Blancs sont mieux...0-1 Inarkiev,E (2602)-Deviatkin,A (2531)/Sochi
2006/CBM 111 ext (59)}) 13. h3 $6 (13. Be2 cxd4 14. exd4 Nb6 15. Kb1 Nc4 {
avec un jeu compliqué.}) 13... Rc8 14. Kb1 Ne4 $1 15. Ngxe4 dxe4 16. Be1 cxd4
17. Rxd4 Bc5 18. Rd1 f5 19. Qb3 Bd6 20. a4 Ne5 {Les pièces noirs sont actives,
les noirs ont la compensation pour les deux pions sacrifiés.} 21. a5 Kf7 22.
Ne2 Nd3 23. Nc3 Rhd8 24. Rg1 Bh2 25. Rg2 Be5 26. Bd2 $2 {Diagramme #} Nxb2 $1
27. Qxb2 Bxc3 {
Combinaison possible grace au clouage. Les Noirs ont une initiative décisive.}
28. Qb3 Rxd2 29. Rxd2 Bxd2 30. Bc4 Kf8 31. Bxe6 Rc3 32. Qa4 Rc1+ 33. Kb2 Qf6+
34. Qd4 Bc3+ 0-1

[Event "11ème Tournoi de MI"]
[Site "?"]
[Date "2011.07.10"]
[Round "5"]
[White "Dubessay, Bastien"]
[Black "Stephan, Victor"]
[Result "0-1"]
[WhiteElo "2310"]
[BlackElo "2280"]
[PlyCount "118"]
[EventDate "2011.07.07"]
[SourceDate "2011.07.07"]

1. d4 Nf6 2. c4 e6 3. Nf3 Bb4+ 4. Nbd2 b6 5. a3 Bxd2+ 6. Qxd2 Bb7 7. e3 O-O 8.
Be2 a5 9. b3 d6 10. O-O Nbd7 11. Qc2 Ne4 12. Bb2 f5 13. d5 $1 exd5 14. Nd4 $6 (
14. cxd5 Bxd5 15. Rad1 Bb7 16. Bc4+ Kh8 17. Nd4 {la case e6 est faible.}) 14...
Qe7 15. cxd5 Bxd5 16. Bc4 Bxc4 17. Qxc4+ Qf7 18. Qxf7+ Rxf7 19. Rfd1 g6 20.
Rac1 Ndc5 21. f3 Nf6 22. Nb5 Ne8 23. b4 Ne6 24. Rc2 axb4 25. axb4 Ra4 {
Les Blancs n'ont pas de compensation pour le pion sacrifié.} 26. Rc4 Rd7 27.
Nc3 Ra8 28. e4 f4 29. e5 Rad8 30. exd6 Rxd6 $17 31. Rxd6 Nxd6 32. Rc6 Kf7 33.
Ne2 Nf5 34. Be5 g5 35. Nc3 Nfd4 36. Bxd4 Rxd4 37. b5 Ke7 38. h4 gxh4 $1 39. Kh2
Kd7 40. Ne4 Rd1 41. Kh3 h5 $1 42. Nf6+ Ke7 43. Nxh5 {Diagramme #} Rb1 (43...
Rh1+ {Gagne tout de suite:} 44. Kg4 h3 45. gxh3) 44. Kxh4 Rxb5 45. g3 fxg3 46.
Nxg3 Kd7 47. Rc1 Rb4+ 48. Kh5 Rf4 49. Rd1+ Rd4 50. Rxd4+ Nxd4 51. f4 b5 52. Kg6
b4 53. Ne4 Ke6 54. Nc5+ Kd5 55. Nd3 c5 56. f5 Nxf5 $1 {
On élimine le candidat à la promotion.} 57. Kxf5 Kd4 58. Ne1 b3 59. Nf3+ Kc3 {
Les Blancs abandonnent car la promotion est inevitable.} 0-1

[Event "11ème Tournoi de MI"]
[Site "?"]
[Date "2011.07.10"]
[Round "5"]
[White "Migot, Tangi"]
[Black "Amoyal, Pierre"]
[Result "1/2-1/2"]
[WhiteElo "2254"]
[BlackElo "2234"]
[PlyCount "125"]
[EventDate "2011.07.07"]
[SourceDate "2011.07.07"]

1. e4 e5 2. Nf3 Nc6 3. Bb5 a6 4. Ba4 Nf6 5. O-O Be7 6. d3 b5 7. Bb3 d6 8. a4
Bg4 9. c3 O-O 10. h3 Bd7 (10... Bxf3 11. Qxf3 Na5 12. Bc2 b4 13. Nd2 c5 14. Qe2
Nd7 15. Nf3 b3 16. Bd1 Rb8 17. g3 Qc7 18. Be3 c4 19. Nd2 cxd3 20. Qxd3 Nc5 21.
Qd5 Nd7 22. Be2 Nf6 23. Qd3 Ra8 24. Bg5 $1 {et les Blancs sont mieux à cause
de la faiblesse d5. ...1-0 Guseinov,G (2609)-Baumegger,S (2442)/Rijeka 2010/
CBM 136 (41)}) 11. Re1 Na5 12. Bc2 c5 13. d4 Qc7 14. d5 h6 15. Nbd2 c4 16. Nf1
Nb7 17. g4 h5 18. N3h2 g6 19. Ng3 h4 20. Ne2 Nc5 21. axb5 Bxb5 22. Bh6 {
Diagramme #} Rfb8 ({Intéressant est:} 22... Nfxe4 $1 23. Bxe4 Nxe4 24. Bxf8
Rxf8 25. Nf3 Nc5 26. Nc1 f5 {avec attaque.}) 23. Nc1 Nh7 24. Be3 Ng5 25. Bxg5
Bxg5 {les cases noirs de l'aile-Roi sont faibles pour les Blancs.} 26. Nf3 Qe7
27. Nd2 Qf6 28. Qe2 Rc8 29. Nf1 Rab8 30. Ne3 Kg7 31. Kg2 Bf4 32. Qd2 Bd7 33.
Ra2 Qg5 $2 {Les Noirs ne doivent pas permettre l'échange de Fou de cases noirs.
} (33... Rc7 34. Ne2 Bh6) 34. Ne2 Bxe3 35. Qxe3 Qxe3 36. fxe3 Rb6 37. Ng1 $1 {
le Cavalier blanc va être fort en f3.} Rcb8 38. Rb1 a5 39. Nf3 a4 40. Nd2 Bb5
41. Kf3 g5 42. Bd1 Rc8 {Il n'y a plus de percées, la position est egale.} 43.
Be2 Nd7 44. Kf2 Kf6 45. Ke1 Ke7 46. Rba1 Rb7 47. Rb1 Nb6 48. Ra3 Be8 49. Kf2 f6
50. Kf3 Bg6 51. Rba1 Ra7 52. R1a2 Rb7 53. Bd1 Be8 54. Be2 Kd8 55. Kf2 Rc5 56.
Ke1 Kc8 57. Kf2 Bb5 58. Ra1 Rcc7 59. R1a2 Nd7 60. Kf3 Kb8 61. Bd1 Nc5 62. Be2
Nd7 63. Bd1 1/2-1/2

[Event "11ème Tournoi de MI"]
[Site "?"]
[Date "2011.07.10"]
[Round "5"]
[White "Lyrberg, Patrik"]
[Black "Pucher, Olivier"]
[Result "1/2-1/2"]
[WhiteElo "2428"]
[BlackElo "2351"]
[PlyCount "47"]
[EventDate "2011.07.07"]
[SourceDate "2011.07.07"]

1. Nf3 c5 2. c4 e6 3. Nc3 Nc6 4. d4 d5 5. e3 Nf6 6. a3 cxd4 7. exd4 Be7 8. Bd3
dxc4 9. Bxc4 O-O 10. O-O b6 11. d5 {Ce coup ne donne pas d'avantage aux blancs}
Na5 12. Ba2 Nxd5 13. Nxd5 exd5 14. Bxd5 Bb7 15. Bxb7 Nxb7 16. Be3 Nc5 17. b4
Ne6 18. Qb3 Bf6 19. Rad1 Qe7 20. Nd4 Nxd4 21. Bxd4 Bxd4 22. Rxd4 Rfd8 23. Rxd8+
Rxd8 24. Rd1 $11 1/2-1/2

[Event "11ème Tournoi de MI"]
[Site "?"]
[Date "2011.07.11"]
[Round "6"]
[White "Bakalerz, Mietek"]
[Black "Miron, Lucian Costin"]
[Result "1/2-1/2"]
[WhiteElo "2361"]
[BlackElo "2506"]
[PlyCount "32"]
[EventDate "2011.07.07"]
[SourceDate "2011.07.07"]

1. e4 e5 2. Nf3 Nc6 3. Bc4 Bc5 4. c3 Nf6 5. d4 exd4 6. cxd4 Bb4+ 7. Bd2 Bxd2+
8. Nbxd2 d5 9. exd5 Nxd5 10. Qb3 Na5 11. Qa4+ Nc6 12. Qb3 Nce7 13. O-O O-O 14.
Rfe1 c6 15. Ne4 Qb6 16. Nc3 Qxb3 1/2-1/2

[Event "11ème Tournoi de MI"]
[Site "?"]
[Date "2011.07.11"]
[Round "6"]
[White "Amoyal, Pierre"]
[Black "Lyrberg, Patrik"]
[Result "0-1"]
[WhiteElo "2234"]
[BlackElo "2428"]
[PlyCount "80"]
[EventDate "2011.07.07"]
[SourceDate "2011.07.07"]

1. d4 Nf6 2. Nf3 e6 3. c4 c5 4. d5 exd5 5. cxd5 d6 6. Nc3 a6 7. a4 g6 8. Nd2
Nbd7 9. e4 Bg7 10. Be2 h5 11. O-O Qe7 12. Nc4 Ne5 13. Nb6 Rb8 14. Bg5 Qc7 15.
a5 Nfd7 16. f4 Ng4 17. Bxg4 hxg4 18. Nxc8 Bd4+ 19. Kh1 Qxc8 20. Qxg4 Nf6 21.
Qxc8+ Rxc8 22. Bxf6 Bxf6 23. g3 Bd4 24. Na4 Rc7 25. Nb6 f6 26. Rad1 Kd8 27. Nc4
Re7 28. Rfe1 Bf2 29. Kg2 Bxe1 30. Rxe1 Kd7 31. Re3 g5 32. fxg5 fxg5 33. Kf3 g4+
34. Kxg4 Rxh2 35. Kg5 Rg7+ 36. Kf6 Rg8 37. Nb6+ Ke8 38. Ke6 Rh6+ 39. Kf5 Ke7
40. e5 Rh5+ 0-1

[Event "11ème Tournoi de MI"]
[Site "?"]
[Date "2011.07.11"]
[Round "6"]
[White "Stephan, Victor"]
[Black "Migot, Tangi"]
[Result "1-0"]
[WhiteElo "2280"]
[BlackElo "2254"]
[PlyCount "81"]
[EventDate "2011.07.07"]
[SourceDate "2011.07.07"]

1. d4 Nf6 2. c4 g6 3. g3 Bg7 4. Bg2 O-O 5. Nf3 c6 6. O-O d6 7. Nc3 Qa5 8. e4 e5
9. d5 cxd5 10. cxd5 b5 11. Nd2 b4 12. Qa4 Qb6 13. Nd1 a5 14. Nc4 Qc7 15. Nde3
Bd7 16. Qc2 Na6 17. Bd2 Nc5 18. Rfc1 Qb8 19. Nxd6 Qxd6 20. Qxc5 Qa6 21. Qc2 Bb5
22. f3 Nd7 23. a4 Bd3 24. Qc6 Qa7 25. Qc7 f5 26. Qxa7 Rxa7 27. Nc4 fxe4 28.
fxe4 Nf6 29. Be3 Rc7 30. Nxe5 Rxc1+ 31. Rxc1 Bxe4 32. d6 Bxg2 33. Kxg2 Ne4 34.
Nc4 Kf7 35. Rd1 Ke6 36. Bb6 Rf7 37. Bxa5 Rf2+ 38. Kg1 Rc2 39. d7 Ng5 40. Rd3
Bf6 41. Rd6+ 1-0

[Event "11ème Tournoi de MI"]
[Site "?"]
[Date "2011.07.11"]
[Round "6"]
[White "Pucher, Olivier"]
[Black "Goudriaan, Etienne"]
[Result "0-1"]
[WhiteElo "2351"]
[BlackElo "2283"]
[PlyCount "94"]
[EventDate "2011.07.07"]
[SourceDate "2011.07.07"]

1. Nf3 Nf6 2. c4 g6 3. Nc3 Bg7 4. e4 d6 5. d4 O-O 6. Be2 e5 7. O-O Nc6 8. d5
Ne7 9. Ne1 Nd7 10. Be3 f5 11. f3 f4 12. Bf2 g5 13. Rc1 Ng6 14. c5 Nxc5 15. b4
Na6 16. Nb5 Bd7 17. Nxa7 h5 18. Bxa6 bxa6 19. Qc2 g4 20. Qxc7 g3 21. hxg3 fxg3
22. Bxg3 Qg5 23. Qxd7 Qxc1 24. Nc6 Qg5 25. Bf2 Rf6 26. Bb6 Bh6 27. Rf2 Qc1 28.
Kf1 Bd2 29. Re2 Raf8 30. Ne7+ Nxe7 31. Qxe7 Bxe1 32. Rxe1 Qc4+ 33. Re2 Qxb4 34.
Be3 Qxe4 35. Bg5 Qb1+ 36. Kf2 Rg6 37. Be3 e4 38. f4 Qh1 39. g3 Qf3+ 40. Ke1
Qxg3+ 41. Kd2 Qf3 42. Rf2 Qh1 43. f5 Qb1 44. fxg6 Qd3+ 45. Ke1 Qxe3+ 46. Kd1
Qd3+ 47. Ke1 Qb1+ 0-1

[Event "11ème Tournoi de MI"]
[Site "?"]
[Date "2011.07.11"]
[Round "6"]
[White "Valuet, Bertrand"]
[Black "Dubessay, Bastien"]
[Result "0-1"]
[WhiteElo "2318"]
[BlackElo "2310"]
[PlyCount "68"]
[EventDate "2011.07.07"]
[SourceDate "2011.07.07"]

1. d4 Nf6 2. c4 g6 3. Nc3 d5 4. cxd5 Nxd5 5. e4 Nxc3 6. bxc3 Bg7 7. Nf3 c5 8.
Be3 Qa5 9. Qd2 O-O 10. Rb1 a6 11. Rc1 Rd8 12. Bh6 cxd4 13. Bxg7 Kxg7 14. cxd4
Qxd2+ 15. Kxd2 Nc6 16. Ke3 f5 17. Bd3 f4+ 18. Kxf4 Nxd4 19. Nxd4 Rxd4 20. Ke3
Ra4 21. Rc7 Ra3 22. Rxe7+ Kf8 23. Rxh7 Be6 24. Rd1 Rd8 25. Ke2 Rdxd3 26. Rxd3
Bc4 27. Rhd7 Rxa2+ 28. Ke3 Bxd3 29. Rxd3 b5 30. Rd2 Ra4 31. Kf4 b4 32. Kg5 b3
33. Rd8+ Ke7 34. Rb8 Ra5+ 0-1